000 00997nas a2200301 4500
001 BR9203755
003 BR-BrBNA
005 20231205095055.0
007 ta
008 230509b bl.|||p| |||| 00| 00por d
040 _aBR-BrBNA
_bpor
_cBiblioteca Nacional de Agricultura
041 _a(Pt)
072 _aP33
100 1 _aHeldwein, A.B.
100 1 _aEstefanel, V.
100 1 _aManfron, P.A.
100 1 _aSaccol, A.V.
100 1 _aBuriol, G.A.
100 1 _aSchneider, F.M.
245 1 _aAnalise das temperaturas minimas do ar registradas em Santa Maria, Rio Grande do Sul. 1. Estimativa das temperaturas minimas do ar a 5cm da superficie do solo relvado e do solo desnudo
650 _aSolo
650 _aTemperatura do Solo
650 _aUmidade
650 _aRio Grande do Sul
773 0 _tRevista do Centro de Ciencias Rurais (Brazil)
_xISSN 0085-5901
_g(Jan-Mar 1988), v. 18(1) p. 3-14
_wBR9203755
909 _a202311
_bLúcia
_c55
_dLúcia Elande
942 _2AGRIS
_n0
_cANA
999 _c148572
_d148572